El impacto social del documental Farenheit 9/11 en Guadalajara /
Este trabajo propone reconocer al cine documental como un género capaz de provocar un pensamiento crítico en el espectador. La investigación permite hacer un acercamiento al impacto social que ha generado esta película como fenómeno mediático en Guadalajara. Las opiniones de los espectadores tapatío...
保存先:
| 第一著者: | |
|---|---|
| フォーマット: | 学位論文 図書 |
| 言語: | スペイン語 |
| 主題: | |
| タグ: |
タグなし, このレコードへの初めてのタグを付けませんか!
|
MARC
| LEADER | 00000nam^a2200000^a^4500 | ||
|---|---|---|---|
| 001 | 000183834 | ||
| 005 | 20250521000000.0 | ||
| 009 | 20260310102054.759 | ||
| 037 | |a Acervo ITESO - Biblioteca | ||
| 041 | |a ESP | ||
| 090 | |a CCO. 599 | ||
| 100 | |a Chávez Ramírez, Norka Grisel |e (autor) | ||
| 245 | 1 | 4 | |a El impacto social del documental Farenheit 9/11 en Guadalajara / |c N.G. Chávez Ramírez. |
| 264 | |a Guadalajara, México : |b edición de autor, |c 2005 | ||
| 300 | |a 1 disco compacto de computadora | ||
| 336 | |a datos para computadora |b cod |2 rdacontenido | ||
| 337 | |a computadora |b c |2 rdamedio | ||
| 338 | |a disco de computadora |b cd |2 rdasoporte | ||
| 502 | |a ITESO Tesis de Licenciatura en Ciencias de la Comunicación | ||
| 520 | |a Este trabajo propone reconocer al cine documental como un género capaz de provocar un pensamiento crítico en el espectador. La investigación permite hacer un acercamiento al impacto social que ha generado esta película como fenómeno mediático en Guadalajara. Las opiniones de los espectadores tapatíos han sido plasmadas en un cuestionario sistemático sobre la base de tres hipótesis que permiten reflejar las diferentes actitudes que se han generado a raíz de ver este documental. La última pregunta del cuestionario es abierta, por lo que se incluye análisis de contenido. | ||
| 530 | |a Existe una edición en formato impreso con el mismo título | ||
| 649 | |a XX | ||
| 650 | |a Cineastas Norteamericanos | ||
| 650 | |a Documentales - |z EUA | ||
| 650 | |a Cine Norteamericano - |y 2000-2009 | ||
| 650 | |a Cine Norteamericano - |y Siglo XXI | ||
| 650 | |a Cine Norteamericano - |x Historia y Crítica - |x Tema Principal | ||
| 650 | |a Cine - |x Función Educativa-Cultural | ||
| 650 | |a Cine - |x Función Social | ||
| 650 | |a Cine - |x Aspectos Sociales y Culturales | ||
| 650 | |a Medios Audiovisuales | ||
| 650 | |a Medios de Comunicación y Problemas Sociales | ||
| 650 | |a Comunicación Visual | ||
| 650 | |a Comunicación Masiva | ||
| 650 | |a Recepción y Apropiación de la Comunicación - |z Guadalajara, Jalisco - |x Tema Principal | ||
| 650 | |a Recepción y Apropiación de la Comunicación - |z Jalisco | ||
| 650 | |a Recepción y Apropiación de la Comunicación - |z México | ||
| 650 | |a Proceso de Comunicación | ||
| 650 | |a Comunicación y Política | ||
| 650 | |a Sociología de la Comunicación | ||
| 910 | |a Fondo General | ||
| 920 | |a Electrónicos - Tesis del ITESO en Disco | ||
| 905 | |a 202 | ||
| 901 | |a 0500124468 |b IT2 |c STS |u 20250521 | ||
| 902 | |a https://opac.biblio.iteso.mx/vufind/Record/000183834 | ||